Voyage au Mexique (Record no. 4202)

MARC details
000 -CABECERA
campo de control de longitud fija 01108nam a2200277 a 4500
001 - NÚMERO DE CONTROL
campo de control BRCA_4496
005 - FECHA Y HORA DE LA ÚLTIMA TRANSACCIÓN
campo de control 20190320204707.0
008 - DATOS DE LONGITUD FIJA--INFORMACIÓN GENERAL
campo de control de longitud fija 140910s1831----fr-a######---#000-0#fre-#
041 ## - CÓDIGO DE LENGUA
Código de lengua del texto/banda sonora o título independiente fre
044 ## - CÓDIGO DEL PAÍS DE LA ENTIDAD EDITORA/PRODUCTORA
Código MARC del país fr
050 #4 - SIGNATURA TOPOGRÁFICA DE LA BIBLIOTECA DEL CONGRESO
Número de clasificación F1213
Número de documento/Ítem .B48 3
-- 1831
100 1# - ENTRADA PRINCIPAL--NOMBRE DE PERSONA
Nombre de persona Beulloch, M.
9 (RLIN) 11392
245 10 - MENCIÓN DE TÍTULO
Título Voyage au Mexique
Resto del título contenant des Notions Exactes et peu connues sur la situation Physique, Morale et Politique de ce pays
Mención de responsabilidad, etc. par M. Beulloch ; Ouvrage Traduit de L´anglais par M. Beulloch ; précédé d´une introduction, et enrichi de piéces justificatives et de notes par John Bierley.
260 ## - PUBLICACIÓN, DISTRIBUCIÓN, ETC.
Lugar de publicación, distribución, etc. París
Nombre del editor, distribuidor, etc. Lebigre Fréres
Fecha de publicación, distribución, etc. 1831
300 ## - DESCRIPCIÓN FÍSICA
Extensión 368 p. (v.2)
Otras características físicas il., 1 plano plegable
Dimensiones 20 cm.
500 ## - NOTA GENERAL
Nota general Incluye un catálogo de plantas de los jardínes botánicos de México
500 ## - NOTA GENERAL
Nota general Encuadernación deteriorada
500 ## - NOTA GENERAL
Nota general Ejemplar igual a B149 (2 v.) y C102 (v.1)
500 ## - NOTA GENERAL
Nota general CG4
650 14 - PUNTO DE ACCESO ADICIONAL DE MATERIA--TÉRMINO DE MATERIA
Término de materia o nombre geográfico como elemento de entrada Viajeros ingleses
9 (RLIN) 7018
651 #4 - PUNTO DE ACCESO ADICIONAL DE MATERIA--NOMBRE GEOGRÁFICO
Nombre geográfico México
Subdivisión general Descripción y viajes
9 (RLIN) 103
651 #4 - PUNTO DE ACCESO ADICIONAL DE MATERIA--NOMBRE GEOGRÁFICO
Nombre geográfico México
Subdivisión general Viajeros ingleses
9 (RLIN) 11393
700 1# - PUNTO DE ACCESO ADICIONAL--NOMBRE DE PERSONA
Nombre de persona Bierley, John
9 (RLIN) 9875
902 ## - CATALOGADOR
Iniciales GFM
942 ## - ELEMENTOS DE PUNTO DE ACCESO ADICIONAL (KOHA)
Fuente del sistema de clasificación o colocación Library of Congress Classification
Tipo de ítem Koha Libros
Holdings
Estado de retiro Estado de pérdida Estado dañado No para préstamo Localización permanente Ubicación/localización actual Fecha de adquisición Número de inventario Total de préstamos Signatura topográfica completa Código de barras Fecha visto por última vez Precio válido a partir de Tipo de ítem Koha
El ejemplar forma parte de la colección y puede ser consultado según las políticas vigentes.       Biblioteca del Museo Franz Mayer (Rogerio Casas-Alatriste) Biblioteca del Museo Franz Mayer (Rogerio Casas-Alatriste) 14/09/2010 CG4   F1213 .B48 3 1831 (CG4) 4493 22/03/2019 22/03/2019 Libros